00224nam a2200073Ia 4500008004100000082000800041100001400049245008700063240331s9999 xx 000 0 und d bBHO aBhoite, A 0aWomen employees and rural development :bproblems of employed women in rural areas